Biggest US Cities By Letter - Statistics

General Stats
  • This quiz has been taken 265 times
    211 since last reset
  • The average score is 20 of 26
Answer Stats
Letter State Answer % Correct
C Illinois Chicago
98%
A Texas Austin
97%
B Massachusetts Boston
97%
D Texas Dallas
96%
H Texas Houston
96%
N New York New York City
96%
I Indiana Indianapolis
95%
P Pennsylvania Philadelphia
95%
O Oklahoma Oklahoma City
94%
L California Los Angeles
93%
W District of Columbia Washington D.C.
93%
J Florida Jacksonville
90%
R North Carolina Raleigh
89%
K Missouri Kansas City
88%
M Tennessee Memphis
88%
E Texas El Paso
85%
S Texas San Antonio
85%
T Arizona Tucson
83%
F Texas Fort Worth
82%
V Virginia Virginia Beach
80%
Y New York Yonkers
69%
Q Massachusetts Quincy
56%
G Arizona Gilbert
37%
X Iowa Xenia
26%
U New Jersey Union City
25%
Z Ohio Zanesville
8%
No matching quizzes found
Score Distribution
Percent of People with Each Score
Percentile by Number Answered
Your Score History
You have not taken this quiz since the last reset